01423nam a22001937a 450000500170000000800410001702000180005804000070007604100120008308200210009510000160011624500440013226000540017630000260023036500600025652008750031665000120119170000260120320260129145919.0221121b ||||| |||| 00| 0 eng d a9780670096183 cAL aEnglish 223a820.33bVAST aVasudhendra aTejo Tungabhadrab: Tributaries of Time aHaryanabPenguin Random House India Pvt Ltdc2022 a453 p.bHBc22x14 cm. aBLCR-000104b₹559.00c₹d₹699.00e20%f10/11/2022 aTejo Tungabhadra tells the story of two rivers on different continents whose souls are bound together by history. On the banks of the river Tejo in Lisbon, Bella, a young Jewish refugee, and her family face daily threats to their lives and dignity from the deeply antisemitic society around them. Gabriel, her lover, sails to India with General Albuquerque’s fleet seeking wealth and a secure future for themselves. Meanwhile, on the banks of the Tungabhadra in the Vijayanagara Empire, the young couple Hampamma and Keshava find themselves caught in the storm of religious violence and the cruel rigmarole of tradition. The two stories converge in Goa with all the thunder and gush of meeting rivers. Set in the late 15th and early 16th century, Tejo Tungabhadra is a grand saga of love, ambition, greed, and a deep zest for life through the tossing waves of history. aFiction aKarnoor, Maithreyi Tr